Derecho medioambiental de la empresa y de las corporaciones locales

Bibliographic Details
Main Author: Maties Garca̕, Joan
Format: Unknown
Language:Spanish
Published: Barcelona : Atelier [etc.], D.L. 1999
Subjects:
Online Access:Acceso restringido

MARC

LEADER 00000ny a22000003n 4500
005 2011061400250.0
008 080508t1999 sp s 000 0 spa c
020 |a 8493052434 
035 |a 527 
040 |a UMA.RE  |d vLex 
080 |a 349.6(0.034) 
090 |c 679  |d 679 
100 1 |a Maties Garca̕, Joan 
245 1 0 |a Derecho medioambiental de la empresa y de las corporaciones locales  |h [Recurso electrn̤ico]  |c Joan Maties Garca̕ 
256 |a Servicio en ln̕ea 
260 |a Barcelona :  |b Atelier [etc.],  |c D.L. 1999 
506 1 |a Contenido solo disponible en los productos indicados  |d vLex Global  |d vLex Global (Academic Edition, excluding Law Schools)  |d vLex Global (U.S. Academic Edition, Law Schools)  |d vLex Global (U.S. Academic Edition, excluding Law Schools)  |d vLex Global (Academic Edition, Law Schools) 
650 0 7 |2 Tesauro vLex  |a Ambiental 
650 0 7 |2 Tesauro vLex  |a Societario 
650 0 7 |2 Tesauro vLex  |a Derecho medioambiental 
650 0 7 |2 Tesauro vLex  |a Medio ambiente 
740 0 |a vLex Libros (Servicios en ln̕ea) 
856 4 0 |z Acceso restringido  |u http://vlex.com/source/527 
942 |c BOOK 
999 0 |a Environnement  |b Barcelona